00441nam a2200181Ia 4500008004100000020001800041050001400059100002800073245002700101245003100128260001500159260001600174260000900190300001500199300002700214300001000241500000800251170918s9999 xx 000 0 und d a9780590445108 bP655 1977 aPinkwater, Daniel Manus 4aThe big orange splot / cby Daniel Manus Pinkwater. aNew York : bScholastic, c1977 a32 pages : bcolored illustration ; c19cm. a550